Normal view MARC view
  • Shamsi, U. M.

Entry Personal Name

Number of records used in: 3

001 - CONTROL NUMBER

  • control field: 6231

003 - CONTROL NUMBER IDENTIFIER

  • control field: NUST

005 - DATE AND TIME OF LATEST TRANSACTION

  • control field: 20171109100129.0

008 - FIXED-LENGTH DATA ELEMENTS

  • fixed length control field: 171109|| aca||aabn | a|a d

040 ## - CATALOGING SOURCE

  • Original cataloging agency: NUST
  • Transcribing agency: NUST

100 ## - HEADING--PERSONAL NAME

  • Personal name: Shamsi, U. M.
  • Fuller form of name: (Uzair M.)

670 ## - SOURCE DATA FOUND

  • Source citation: Work cat.: (NUST)0: Shamsi, U. M. (Uzair M.), GIS tools for water, wastewater, and stormwater systems /, c2002.
© 2023 Central Library, National University of Sciences and Technology. All Rights Reserved.